[Event "Defio vi !"]
[Site "http://www.queenalice.com/game.php?id=44349"]
[Date "2005.12.20"]
[Round "-"]
[White "nikos"]
[Black "Xavier"]
[Result "0-1"]
[WhiteElo "1608"]
[BlackElo "1387"]

1. e4 d5 2. exd5 Qxd5 3. Nc3 Qe5+ 4. Qe2 Nc6 5. Nf3 Qxe2+ 6. Bxe2 Nb4 7. Bb5+ c6
8. Ba4 Bf5 9. d3 b5 10. Bb3 Be6 11. Nd4 Bxb3 12. cxb3 Nxd3+ 13. Kd2 Nxf2 14. Rf1
b4 15. Nce2 Ne4+ 16. Kd3 e5 17. Nxc6 Nc5+ 18. Kc2 Ne4 19. Nxe5 f6 20. Nc6 Rc8
21. Kd3 Rxc6 22. Kxe4 Re6+ 23. Kd3 Ne7 24. Nd4 Rd6 25. Re1 g5 26. Kc4 Kf7 27.
Nb5 Re6 28. Rxe6 Kxe6 29. Kxb4 Nc6+ 30. Kc4 Bd6 31. Nxd6 Rd8 32. Nb5 Rd1 33.
Nc7+ Kd7 34. Kc5 Kxc7 35. Bf4+ gxf4 36. Rxd1 Ne5 0-1

[Event "Invitation"]
[Site "http://www.queenalice.com/game.php?id=45042"]
[Date "2005.12.24"]
[Round "-"]
[White "nikos"]
[Black "nose"]
[Result "1-0"]
[WhiteElo "1544"]
[BlackElo "1473"]

1. e4 c6 2. d4 d5 3. e5 Bf5 4. Nf3 e6 5. Nc3 Ne7 6. Bd3 Nd7 7. Bf4 Ng6 8. Bg5
Be7 9. Bxe7 Nxe7 10. O-O O-O 11. Nh4 Qb6 12. b3 Qxd4 13. Nxf5 Nxf5 14. Bxf5 Qxc3
15. Bd3 Nxe5 16. Qh5 g6 17. Qe2 c5 18. Rfe1 f6 19. f4 Nxd3 20. Qxe6+ Rf7 21.
cxd3 Qd4+ 22. Qe3 Qc3 23. Rac1 Qa5 24. Qxc5 Qxa2 25. Qxd5 Qa3 26. Rc7 Rf8 27.
Ree7 Kg7 28. Rxf7+ Rxf7 29. Qxf7+ Kh6 30. Qxh7# 1-0

[Event "AUTO-OPEN-173"]
[Site "http://www.queenalice.com/game.php?id=54093"]
[Date "2006.2.21"]
[Round "2"]
[White "kapilgain"]
[Black "nikos"]
[Result "1-0"]
[WhiteElo "2154"]
[BlackElo "1609"]

1. e4 e5 2. Nf3 Nf6 3. Nxe5 Qe7 4. Nf3 Qxe4+ 5. Be2 Nc6 6. Nc3 Qe6 7. Nb5 Bd6 8.
O-O O-O 9. d4 Nd5 10. c4 Nf4 11. Bxf4 Qf6 12. Bg5 Qg6 13. Bd3 f5 14. c5 a6 15.
Qa4 b6 16. cxd6 cxd6 17. Qa3 d5 18. Nc7 Ra7 19. Nxd5 Rf7 20. Nf4 Rf8 21. Nxg6
hxg6 22. Bc4+ 1-0

[Event "AUTO-OPEN-173"]
[Site "http://www.queenalice.com/game.php?id=54094"]
[Date "2006.2.21"]
[Round "2"]
[White "nikos"]
[Black "kapilgain"]
[Result "0-1"]
[WhiteElo "1610"]
[BlackElo "2102"]

1. e4 e5 2. Nf3 Nf6 3. Nc3 Bb4 4. Nxe5 O-O 5. a3 Bxc3 6. dxc3 Re8 7. Nd3 Qe7 8.
Be2 Qxe4 9. f3 Qe6 10. Kf2 Qb6+ 11. Kf1 Nc6 12. b3 d6 13. g3 Bh3+ 14. Ke1 Rxe2+
15. Qxe2 Re8 16. Qxe8+ Nxe8 17. Bf4 Bg2 0-1

[Event "AUTO-OPEN-173"]
[Site "http://www.queenalice.com/game.php?id=54099"]
[Date "2006.2.21"]
[Round "2"]
[White "dstrutz"]
[Black "nikos"]
[Result "1-0"]
[WhiteElo "1932"]
[BlackElo "1610"]

1. e4 e5 2. Nf3 Nf6 3. Nxe5 Qe7 4. Nf3 Qxe4+ 5. Qe2 Bc5 6. d4 Bb6 7. Nbd2 Qxe2+
8. Bxe2 Nc6 9. Nb3 d6 10. O-O Bf5 11. c4 O-O-O 12. Bg5 h6 13. Bxf6 gxf6 14. Rfe1
a6 15. Rac1 Rhe8 16. h3 Nb4 17. Bf1 Bd3 18. Rxe8 Rxe8 19. a3 Bxf1 20. Kxf1 Nd3
21. Rc2 c5 22. dxc5 dxc5 23. Rd2 Nf4 24. Nc1 Ba5 25. Rd1 Bc7 26. b4 cxb4 27.
axb4 Re4 28. Rd4 Rxd4 29. Nxd4 Bd6 30. c5 Be5 31. Nde2 Kd7 32. g3 Nd5 33. Nd3
Ke6 34. Kg2 h5 35. f4 Bc7 36. Nd4+ Kd7 37. Kf3 a5 38. bxa5 Bxa5 39. Nf5 Nb4 40.
Nf2 Nd5 41. Ne4 Be1 42. Nfd6 h4 43. g4 Bb4 44. Nxb7 Kc6 45. Nbd6 Bxc5 46. Nxf7
Bf8 47. g5 fxg5 48. fxg5 Kd7 49. Ne5+ Ke6 50. Ng6 Bg7 51. Nxh4 Ne7 52. Kg4 Be5
53. Nf3 Bg7 54. h4 Kf7 55. h5 Ba1 56. Nd6+ Kg7 57. Nf5+ Nxf5 58. Kxf5 Kg8 59.
Ne5 Kg7 60. Ng4 Kh7 61. g6+ Kg7 62. h6+ Kh8 63. Ke6 Bb2 64. Nf6 1-0

[Event "AUTO-OPEN-173"]
[Site "http://www.queenalice.com/game.php?id=54100"]
[Date "2006.2.21"]
[Round "2"]
[White "nikos"]
[Black "dstrutz"]
[Result "0-1"]
[WhiteElo "1606"]
[BlackElo "1917"]

1. e4 e6 2. d4 d5 3. e5 c5 4. c3 Qb6 5. Nf3 Bd7 6. Bd3 Bb5 7. b3 Bxd3 8. Qxd3
Qa6 9. Qxa6 Nxa6 10. Be3 Nh6 11. dxc5 Bxc5 12. Bd4 Rc8 13. Nbd2 Nf5 14. b4 Bxd4
15. cxd4 Nxb4 16. O-O b6 17. Nb3 h6 18. a3 Nc6 19. Rac1 Kd7 20. Rc3 Ncxd4 21.
Rxc8 Nxf3+ 22. gxf3 Rxc8 23. f4 Rc3 24. Rb1 Kc6 25. a4 a6 26. Nd2 Ra3 27. Rc1+
Kb7 28. Rb1 Rxa4 0-1

[Event "AUTO-ADV-141"]
[Site "http://www.queenalice.com/game.php?id=54205"]
[Date "2006.2.22"]
[Round "1"]
[White "nikos"]
[Black "retalhador"]
[Result "0-1"]
[WhiteElo "1602"]
[BlackElo "1842"]

1. e4 e5 2. Nf3 Nc6 3. Bc4 Nf6 4. Nc3 Bc5 5. d3 d6 6. Ng5 O-O 7. Qe2 h6 8. Nf3
Bg4 9. h3 Nd4 10. Qd1 Bxf3 11. gxf3 b5 12. Nxb5 Nxb5 13. Bxb5 c6 14. Bxc6 Qb6
15. Ba4 Bxf2+ 16. Kf1 Nh5 17. Rh2 Be3 18. Bxe3 Qxe3 19. Rg2 Nf4 20. Rf2 Nxh3 21.
Rg2 f5 22. Qe2 Qd4 23. Bc6 Nf4 24. Qf2 Qxb2 25. Re1 Nxg2 26. Bxa8 Rxa8 27. Kxg2
fxe4 28. fxe4 Rf8 29. Qxa7 Qxc2+ 30. Kg1 Rf6 31. a4 Rg6+ 32. Kf1 Qg2# 0-1

[Event "AUTO-ADV-141"]
[Site "http://www.queenalice.com/game.php?id=54206"]
[Date "2006.2.22"]
[Round "1"]
[White "retalhador"]
[Black "nikos"]
[Result "1-0"]
[WhiteElo "1693"]
[BlackElo "1561"]

1. e4 e5 2. Nf3 Nc6 3. Bc4 Nf6 4. Nc3 d6 5. d4 exd4 6. Nxd4 Bd7 7. O-O Be7 8.
Be3 O-O 9. Bd5 Nxd5 10. exd5 Nxd4 11. Bxd4 Bf6 12. Bxf6 Qxf6 13. Ne4 Qxb2 14.
Rb1 Qxa2 15. Rxb7 Bf5 16. Qf3 Qxd5 17. Nf6+ 1-0

[Event "AUTO-OPEN-174"]
[Site "http://www.queenalice.com/game.php?id=55857"]
[Date "2006.3.5"]
[Round "2"]
[White "nikos"]
[Black "Kasparico"]
[Result "0-1"]
[WhiteElo "1607"]
[BlackElo "1897"]

1. e4 c5 2. c4 Nc6 3. Nc3 e6 4. Nf3 a6 5. d3 Be7 6. g3 Qc7 7. Bf4 d6 8. Bg2 Nf6
9. O-O O-O 10. Qe2 Nd4 11. Nxd4 cxd4 12. e5 dxc3 13. exf6 Bxf6 14. bxc3 Bxc3 15.
Rad1 Bd7 16. d4 e5 17. dxe5 dxe5 18. Be3 Rad8 19. Rc1 Bd4 20. Bxd4 exd4 21. Rfd1
Bc6 22. Rc2 Ba4 23. Rcd2 Bxd1 24. Qxd1 Qxc4 25. Rc2 Qb4 26. Rc7 b5 27. Ra7 Rfe8
28. Qb3 Re1+ 29. Bf1 Qxb3 30. axb3 d3 31. Kg2 d2 32. Rxa6 d1=Q 33. Bxb5 Rg1+ 34.
Kh3 Qh5# 0-1

[Event "AUTO-OPEN-174"]
[Site "http://www.queenalice.com/game.php?id=55858"]
[Date "2006.3.5"]
[Round "2"]
[White "Kasparico"]
[Black "nikos"]
[Result "1-0"]
[WhiteElo "1987"]
[BlackElo "1609"]

1. d4 d5 2. c4 e6 3. Nf3 Nf6 4. Nc3 Bb4 5. cxd5 Nxd5 6. Qb3 Nxc3 7. bxc3 Bd6 8.
Ba3 Nc6 9. e3 O-O 10. Bd3 Qf6 11. O-O Re8 12. Bxd6 cxd6 13. Rab1 b6 14. Qa3 e5
15. Rxb6 axb6 16. Qxa8 Bd7 17. Qb7 Qe7 18. dxe5 Nxe5 19. Nxe5 dxe5 20. Qxb6 e4
21. Bc2 Qa3 22. Qb7 Be6 23. Qxe4 Qxa2 24. Qxh7+ Kf8 25. Bb1 Qc4 26. Qh8+ Ke7 27.
Qxg7 Rd8 28. Qg5+ f6 29. Qg7+ Bf7 30. Bg6 Rf8 31. Ra1 Qd5 32. Ra7+ Ke8 33. Bxf7+
Rxf7 34. Qg8+ Rf8 35. Qxd5 Rf7 36. Qa8# 1-0

[Event "Go"]
[Site "http://www.queenalice.com/game.php?id=64095"]
[Date "2006.4.18"]
[Round "-"]
[White "SandroChaves"]
[Black "nikos"]
[Result "0-1"]
[WhiteElo "1510"]
[BlackElo "1601"]

1. e4 e5 2. b3 Nc6 3. Nf3 a6 4. Bd3 Nf6 5. O-O Bc5 6. h3 d5 7. Qe1 d4 8. Qe2 Be6
9. Bc4 Qd7 10. Bxe6 Qxe6 11. c3 Rd8 12. b4 Bb6 13. Na3 d3 14. Qd1 O-O 15. b5 Na5
16. bxa6 bxa6 0-1

[Event "Challenge"]
[Site "http://www.queenalice.com/game.php?id=69547"]
[Date "2006.5.16"]
[Round "-"]
[White "nikos"]
[Black "jajerduco"]
[Result "0-1"]
[WhiteElo "1607"]
[BlackElo "1459"]

1. e4 e6 2. Nf3 d5 3. exd5 Qxd5 4. Nc3 Qd7 5. Bb5 c6 6. Ba4 b5 7. Bb3 Nf6 8. d4
Bb4 9. Bd2 Bxc3 10. Bxc3 Ne4 11. Bb4 Na6 12. Bd2 c5 13. dxc5 Naxc5 14. Be3 Qxd1+
15. Rxd1 O-O 16. Bxc5 Nxc5 17. O-O Ba6 0-1

[Event "Challenge"]
[Site "http://www.queenalice.com/game.php?id=69548"]
[Date "2006.5.16"]
[Round "-"]
[White "nikos"]
[Black "jose_scalise"]
[Result "0-1"]
[WhiteElo "1585"]
[BlackElo "1764"]

1. e4 d5 2. exd5 Qxd5 3. Nc3 Qa5 4. d4 c6 5. Bd2 Qc7 6. Nf3 Nf6 7. Bc4 e6 8. O-O
Nbd7 9. Re1 Be7 10. Bg5 h6 11. Bh4 g5 12. Bg3 Qa5 13. a3 c5 14. Qd2 a6 15. b4
cxb4 16. axb4 Qxb4 17. Ra4 Qb6 18. Rb1 Qd8 19. Bb3 b5 20. Ra2 Bb4 21. Bxe6 Ne4
22. Qe1 fxe6 23. Rxb4 Nxg3 24. fxg3 Nf6 25. d5 Nxd5 26. Rxb5 Nxc3 0-1

[Event "amistoso"]
[Site "http://www.queenalice.com/game.php?id=72022"]
[Date "2006.5.26"]
[Round "-"]
[White "nikos"]
[Black "ivantratz"]
[Result "0-1"]
[WhiteElo "1622"]
[BlackElo "1686"]

1. e4 c6 2. d4 d5 3. e5 c5 4. c3 a6 5. Nf3 Bg4 6. Be2 Nc6 7. h3 Bf5 8. O-O e6 9.
g4 Be4 10. Nbd2 Bg6 11. c4 cxd4 12. cxd5 d3 13. dxc6 dxe2 0-1

[Event "Challenge"]
[Site "http://www.queenalice.com/game.php?id=72026"]
[Date "2006.5.26"]
[Round "-"]
[White "ivantratz"]
[Black "nikos"]
[Result "1-0"]
[WhiteElo "1671"]
[BlackElo "1637"]

1. e4 e5 2. Nf3 Nc6 3. a3 a6 4. Bc4 d6 5. h3 Nf6 6. d3 Be6 7. Bxe6 fxe6 8. Bg5
h6 9. Bh4 Be7 10. O-O g5 11. Bg3 Nh5 12. Bh2 d5 13. Nxe5 1-0